[Event "Summer Cup"]
[Site "Wellington Chess Club"]
[Date "2016.01.28"]
[Round "2"]
[White "List, Robert"]
[Black "Forster, Bill"]
[Result "0-1"]
[WhiteElo "1661"]
[BlackElo "2094"]

1. e4 e5 2. Nf3 Nc6 3. Bd3 g6 4. c3 Bg7 5. Bc2 Nge7 6. d3 d6 7. Be3 O-O 8. Nbd2
Qe8 9. Qc1 a5 10. a4 f5 11. Nf1 f4 12. Bd2 Nd8 13. Bb3+ Kh8 14. h3 Be6 15. Qc2
Ra6 16. c4 Nec6 17. Ba2 Nb4 18. Bxb4 axb4 19. b3 Bf6 20. N1h2 h5 21. O-O-O g5
22. d4 exd4 23. Nxd4 Bg7 24. Bb1 Qg6 25. Nb5 Rc6 26. Nf3 Rc5 27. Qd2 Nc6 28.
Nxc7 Bxc4 29. Qxd6 Qxd6 30. Rxd6 Bxb3+ 31. Kd2 Na5 32. Rc1 Bc3+ 33. Ke2 Rxc7
34. Nxg5 Bxa4 35. Rh6+ Kg8 36. e5 Bb5+ 37. Bd3 Bxd3+ 38. Kxd3 Bxe5 39. Rxc7
Bxc7 40. Ne6 Rf7 41. Rxh5 Nc6 42. Rg5+ Kh7 43. Rb5 Rd7+ 44. Ke4 Re7 45. Kf5
Rxe6 46. Rxb7 Nd4+ 47. Kg5 Rg6+ 48. Kh5 Ne6 49. Rxb4 Ng7+ 0-1

[Event "Summer Cup"]
[Site "Wellington Chess Club"]
[Date "2016.01.28"]
[Round "2"]
[White "Nijman, Brian"]
[Black "Cunningham, Patrick"]
[Result "1-0"]
[WhiteElo "2158"]
[BlackElo "1666"]

1. d4 d5 2. Nc3 Nf6 3. Bg5 e6 4. e3 Be7 5. Nf3 a6 6. a3 Nc6 7. Bd3 h6 8. Bh4
Ne4 9. Bxe7 Nxf2 10. Bxd8 Nxd1 11. Rxd1 Nxd8 12. O-O O-O 13. e4 dxe4 14. Nxe4
b6 15. c4 Bb7 16. Nc3 Nc6 17. d5 exd5 18. Nxd5 Rad8 19. Rfe1 Rd6 20. Nxc7 Rfd8
21. Nd5 Kf8 22. Bf1 Na5 23. Ne3 Nb3 24. Rxd6 Rxd6 25. Rd1 Rg6 26. Nf5 f6 27.
Rd8+ Kf7 28. Nd6+ Ke7 29. Nxb7 Nc5 30. Ra8 Nxb7 31. Ra7 1-0

[Event "Summer Cup"]
[Site "Wellington Chess Club"]
[Date "2016.01.28"]
[Round "2"]
[White "Proctor, Matthew"]
[Black "Konakanchi, Karthik"]
[Result "0-1"]
[WhiteElo "1458"]
[BlackElo "1332"]

1. e4 e5 2. Nf3 Nc6 3. Bc4 h6 4. c3 Nf6 5. Qe2 Bc5 6. d4 exd4 7. cxd4 Nxd4 8.
Nxd4 Bxd4 9. Be3 Bxe3 10. Qxe3 O-O 11. Nc3 Re8 12. O-O c6 13. Bd3 d5 14. Qf3
Qc7 15. Rfe1 Ng4 16. g3 Ne5 17. Qd1 Bg4 18. Be2 Bxe2 19. Rxe2 Nf3+ 20. Kg2 Rad8
21. Kxf3 dxe4+ 22. Rxe4 Rxe4 23. Nxe4 Rxd1 24. Rxd1 Qb6 25. Rd2 a5 26. Nd6 Qb4
27. Ke3 b5 28. a3 Qc5+ 29. Rd4 Qe5+ 30. Kd3 c5 0-1

[Event "Summer Cup"]
[Site "Wellington Chess Club"]
[Date "2016.01.28"]
[Round "2"]
[White "Rossiter, Philip"]
[Black "Wastney, Scott"]
[Result "0-1"]
[WhiteElo "1888"]
[BlackElo "2434"]

1. Nf3 d5 2. d4 Nf6 3. Bg5 Nbd7 4. e3 e6 5. Bd3 Be7 6. Nbd2 O-O 7. O-O b6 8. c4
Bb7 9. Rc1 c5 10. cxd5 Nxd5 11. Bxe7 Qxe7 12. Re1 Rfd8 13. a3 Rac8 14. Qe2 cxd4
15. Nxd4 Nc5 16. Bc4 Nf4 17. exf4 Rxd4 18. g3 Rcd8 19. Nf1 Qd6 20. Rc3 g6 21.
f3 a5 22. Re3 a4 23. Re5 Bxf3 24. Qxf3 Rxc4 25. Ne3 Rd4 26. Nc2 Rd2 27. R5e2
Nb3 28. Qf2 Qc5 29. Qxc5 Nxc5 30. Ne3 R2d4 31. Nc2 Rd1 32. Rxd1 Rxd1+ 33. Kg2
Kf8 34. Ne3 Rc1 35. Kf3 Nb3 36. Kf2 h5 37. Nc2 Ke7 38. Nb4 Rd1 39. Rc2 Rd2+ 40.
Rxd2 Nxd2 41. Ke2 Nc4 42. Nd3 Kd6 0-1

[Event "Summer Cup"]
[Site "Wellington Chess Club"]
[Date "2016.01.28"]
[Round "2"]
[White "Sellen, Ian"]
[Black "Meravanage, Satwik"]
[Result "1-0"]
[WhiteElo "2092"]
[BlackElo "1378"]

1. c4 Nf6 2. g3 e6 3. Bg2 c5 4. e3 d5 5. Ne2 Nc6 6. O-O Be7 7. cxd5 exd5 8. d4
cxd4 9. Nxd4 O-O 10. Nc3 Re8 11. a3 Nxd4 12. Qxd4 Be6 13. b4 Rc8 14. Rd1 Rc4
15. Qd3 h6 16. Nxd5 Bxd5 17. Bxd5 Qxd5 18. Qxd5 Nxd5 19. Rxd5 Bf6 20. Rb1 Rec8
21. Bb2 Bxb2 22. Rxb2 Rc1+ 23. Kg2 Ra1 24. Rd3 Rac1 25. Rbd2 R1c3 26. Rd8+ Kh7
27. Rxc8 Rxc8 28. Rd7 Rc3 29. Rxb7 Rxa3 30. Rxf7 Ra4 31. Rb7 a5 32. bxa5 Rxa5
33. h4 Kg8 34. f4 g5 35. hxg5 hxg5 36. Kf3 gxf4 37. gxf4 Ra3 38. f5 Kf8 39. Kf4
Ra1 40. e4 Ra5 41. e5 Ke8 42. e6 Kf8 43. f6 Ra8 44. Kf5 Rc8 45. Kg6 Rc6 46.
Rb8+ 1-0

[Event "Summer Cup"]
[Site "Wellington Chess Club"]
[Date "2016.01.28"]
[Round "2"]
[White "Sole, Christopher"]
[Black "Wight, Joshua"]
[Result "1/2-1/2"]
[WhiteElo "1152"]
[BlackElo "1522"]

1. e4 e5 2. Nf3 d6 3. Bc4 Bg4 4. d3 Be7 5. Nbd2 Bg5 6. O-O Qf6 7. Re1 Nc6 8. c3
Bxd2 9. Bxd2 Bxf3 10. Qxf3 Qxf3 11. gxf3 Nge7 12. b4 Ng6 13. Kf1 O-O 14. Ke2
Kh8 15. Rg1 f5 16. a4 f4 17. a5 Nce7 18. Rg4 c6 19. Bb3 b6 20. a6 b5 21. d4
Rac8 22. Rc1 c5 23. d5 cxb4 24. cxb4 Rxc1 25. Bxc1 Rb8 26. Bc2 Ng8 27. Bd3 Nf6
28. Rg1 Nd7 29. Ba3 Rb6 30. Rc1 Ngf8 31. Rc6 h5 32. Rxb6 Nxb6 33. Bxb5 g5 34.
Be8 Nc4 35. Bc1 h4 36. b5 Nh7 37. Kd3 Nb6 38. Ba3 Nf6 39. Bc6 g4 40. Ke2 g3 41.
fxg3 fxg3 42. hxg3 hxg3 43. Kf1 Nc4 44. b6 Nxb6 45. Bxd6 Nbd7 46. Bxd7 Nxd7 47.
Kg2 Kg8 48. Kxg3 Kf7 49. Kg4 Kf6 50. f4 exf4 51. Bxf4 Nc5 52. Kf3 Nxa6 53. Be3
Nc7 54. Bxa7 Nxd5 55. exd5 Ke5 56. Ke3 Kxd5 1/2-1/2

[Event "Summer Cup"]
[Site "Wellington Chess Club"]
[Date "2016.01.28"]
[Round "2"]
[White "Sole, Michael"]
[Black "Rose, Nathan"]
[Result "1-0"]
[WhiteElo "1655"]
[BlackElo "1407"]

1. e4 Nf6 2. Nc3 e5 3. Nf3 Nc6 4. Bb5 d6 5. O-O Be7 6. d3 O-O 7. h3 a6 8. Ba4
b5 9. Bb3 Qe8 10. a4 Bb7 11. axb5 axb5 12. Rxa8 Qxa8 13. Nxb5 Rc8 14. Bd2 Na5
15. Bxa5 Qxa5 16. Nc3 c6 17. Ne2 Qc7 18. Ng3 Rd8 19. Nf5 Bf8 20. Ng5 d5 21. Qf3
h6 22. Qg3 hxg5 23. Qxg5 Nh7 24. Qg3 g6 25. f4 Bg7 26. Nxg7 Kxg7 27. fxe5 Re8
28. d4 Qb6 29. Qf2 Re7 30. exd5 cxd5 31. Qe3 Nf8 32. Rf2 Nd7 33. c4 Nxe5 34. c5
Qe6 35. Qxe5+ Qxe5 36. dxe5 Rxe5 37. Rc2 Bc6 38. Ba2 f5 39. b4 Kf6 40. Rb2 Bb5
41. Kf2 d4 42. Rd2 Ke7 43. Bb1 Rd5 44. Bd3 Bxd3 45. Rxd3 g5 46. Ke2 Kd7 47. Ra3
Kc6 48. Ra6+ Kb5 49. Rb6+ Kc4 50. c6 Kc3 51. c7 d3+ 52. Kd1 Kb2 53. c8=Q Re5
54. Qc1+ Kb3 55. Qb1+ 1-0

[Event "Summer Cup"]
[Site "Wellington Chess Club"]
[Date "2016.01.28"]
[Round "2"]
[White "Stone, Andrew"]
[Black "Dive, Russell"]
[Result "0-1"]
[WhiteElo "2063"]
[BlackElo "2441"]

1. d4 Nf6 2. Nf3 b6 3. Bf4 Bb7 4. e3 e6 5. Bd3 Be7 6. O-O O-O 7. Nbd2 c5 8. c3
Nc6 9. Qc2 Rc8 10. dxc5 bxc5 11. e4 d6 12. e5 dxe5 13. Nxe5 Nxe5 14. Bxe5 Qd5
15. Nf3 c4 16. Be2 Qa5 17. Bd4 Rfd8 18. b4 Qc7 19. Be5 Qc6 20. Qc1 Nd7 21. Bd4
a5 22. a3 e5 23. Bc5 Bxc5 24. bxc5 Nxc5 25. Qg5 h6 26. Qe3 Nd3 27. Nh4 Qf6 28.
Rab1 Ba8 29. Nf3 Nf4 30. Nxe5 Re8 0-1

[Event "Summer Cup"]
[Site "Wellington Chess Club"]
[Date "2016.01.28"]
[Round "2"]
[White "Thomas, Ben"]
[Black "Stracy, Don"]
[Result "1-0"]
[WhiteElo "2203"]
[BlackElo "1756"]

1. e4 c5 2. Nf3 e6 3. Nc3 Nc6 4. Bb5 d6 5. O-O Bd7 6. Re1 Nf6 7. d4 cxd4 8.
Nxd4 Be7 9. Be3 O-O 10. Bf1 a6 11. f4 Qc7 12. Nb3 b5 13. Qf3 Nb4 14. Rac1 Rab8
15. h3 a5 16. Nd4 d5 17. e5 Ne4 18. Ncxb5 Bxb5 19. Nxb5 Qd7 20. a3 Nc6 21. Bd3
Nc5 22. Bxc5 Bxc5+ 23. Kh1 Nd4 24. Nxd4 Bxd4 25. c3 Bc5 26. b4 Be7 27. Red1
Rfd8 28. f5 axb4 29. axb4 Qe8 30. f6 gxf6 31. exf6 Kh8 32. Bxh7 Kxh7 33. Qh5+
Kg8 34. Qg5+ Kh7 35. Qg7# 1-0

[Event "Summer Cup"]
[Site "Wellington Chess Club"]
[Date "2016.02.04"]
[Round "3"]
[White "Asplet, Mike"]
[Black "Sellen, Ian"]
[Result "0-1"]
[WhiteElo "1530"]
[BlackElo "2092"]

1. e4 e6 2. d4 d5 3. e5 c5 4. c3 Nc6 5. Nf3 Be7 6. Be2 Qb6 7. O-O Bd7 8. Qb3
Qxb3 9. axb3 cxd4 10. Nxd4 Nxd4 11. cxd4 f6 12. f4 Nh6 13. Nd2 O-O 14. Nf3 a6
15. Bd2 Rac8 16. Rac1 Rxc1 17. Rxc1 Rc8 18. Rxc8+ Bxc8 19. h3 Nf5 20. Kh2 fxe5
21. Nxe5 Nxd4 22. Bd1 Nc6 23. Nd3 Kf7 24. Bc3 Bf6 25. g4 d4 26. Bd2 Bd8 27. Kg3
b5 28. Bf3 Na5 29. Ne5+ Kg8 30. b4 Nc4 31. Bc1 Bb6 32. Nc6 Kf8 33. b3 Ne3 34.
Be4 g6 35. Bb2 Nf1+ 36. Kg2 Nd2 37. Bc2 Bb7 0-1

[Event "Summer Cup"]
[Site "Wellington Chess Club"]
[Date "2016.02.04"]
[Round "3"]
[White "Brockway, Andrew"]
[Black "Kulkarni, Yogesh"]
[Result "0-1"]
[WhiteElo "1772"]
[BlackElo "1430"]

1. e4 c6 2. d4 d5 3. exd5 cxd5 4. Bd3 h6 5. Bf4 Nf6 6. c3 Nc6 7. Nd2 e6 8. Ngf3
Bd6 9. Bg3 Bxg3 10. hxg3 Bd7 11. Ne5 Qc7 12. Ndf3 Nxe5 13. Nxe5 Bc6 14. Qe2 Nd7
15. Nxd7 Qxd7 16. Qe5 O-O 17. Qh5 f5 18. O-O-O Bb5 19. Qe2 Bxd3 20. Qxd3 a5 21.
Qe2 b5 22. Kb1 b4 23. Rc1 bxc3 24. Rxc3 Rab8 25. Rhc1 Rb7 26. Qc2 Qb5 27. Rb3
Qa6 28. Rc3 Rb4 29. Rc6 Qb7 30. Rxe6 Rb8 31. Re2 a4 32. Rce1 Qb5 33. Rd2 Qa5
34. Qc1 Rc4 35. Qd1 Qb6 36. Qe2 Qb4 37. Qe6+ Kh8 38. Qe2 a3 39. b3 Qc3 40. Rc2
Qxd4 41. Rd1 Rxc2 42. Qxc2 Qe5 43. Qd2 Rc8 44. Rc1 Qe4+ 45. Ka1 Qd4+ 0-1

[Event "Summer Cup"]
[Site "Wellington Chess Club"]
[Date "2016.02.04"]
[Round "3"]
[White "Cunningham, Patrick"]
[Black "Asher, Bruce"]
[Result "1-0"]
[WhiteElo "1666"]
[BlackElo "1419"]

1. d4 d5 2. Nf3 Nc6 3. c4 Nf6 4. Nc3 dxc4 5. e4 e6 6. Bxc4 Bb4 7. Bg5 h6 8. Bd2
O-O 9. O-O Bd7 10. a3 Ba5 11. e5 Nh7 12. Qc1 g5 13. Bd3 f5 14. exf6 Qxf6 15.
Ne4 Qg6 16. Qc2 g4 17. Neg5 Qg7 18. Bxh7+ Kh8 19. Bxa5 gxf3 20. Bc3 Qxg5 21. g3
e5 22. dxe5 Nxe5 23. Rfe1 Rae8 24. Rad1 Bf5 25. Bxf5 Rxf5 26. Qe4 c6 27. Rd7
Qh5 28. h4 Rg8 29. Bxe5+ Rxe5 30. Qxe5+ Qxe5 31. Rxe5 Rg7 32. Ree7 b5 33. Rxg7
1-0

[Event "Summer Cup"]
[Site "Wellington Chess Club"]
[Date "2016.02.04"]
[Round "3"]
[White "Dive, Russell"]
[Black "Croad, Nicolas"]
[Result "0-1"]
[WhiteElo "2441"]
[BlackElo "2406"]

1. Nf3 Nf6 2. c4 c5 3. d4 cxd4 4. Nxd4 b6 5. Nc3 Bb7 6. f3 e6 7. e4 d6 8. Be2
a6 9. O-O Nbd7 10. Nc2 Be7 11. Bf4 Qc7 12. h3 O-O 13. Qd2 Rac8 14. Ne3 Ne5 15.
Bh2 Bc6 16. Kh1 Ng6 17. Rac1 Rfd8 18. Ncd5 $1 Qa7 (18... exd5 19. cxd5 Qd7 20.
dxc6 Rxc6 21. Bxa6) 19. Nxe7+ Qxe7 20. Rfd1 Nh5 21. Bf1 Qh4 22. Qb4 Ng3+ 23.
Bxg3 Qxg3 24. Qxb6 Nh4 25. Ng4 Rb8 26. Qxc6 h5 27. Ne3 Rxb2 28. e5 d5 29. Nxd5
$4 ( {missing } 29. Nc2 $1 {which saves the day.} ) 29... exd5 30. Rxd5 Rxg2
31. Rxd8+ Kh7 32. Rh8+ Kxh8 33. Qc8+ Kh7 0-1

[Event "Summer Cup"]
[Site "Wellington Chess Club"]
[Date "2016.02.04"]
[Round "3"]
[White "Forster, Bill"]
[Black "Ker, Anthony"]
[Result "0-1"]
[WhiteElo "2095"]
[BlackElo "2435"]

1. e4 d6 2. d4 Nf6 3. Nc3 g6 4. f4 Bg7 5. Nf3 c5 6. Bb5+ Bd7 7. e5 Ng4 8. e6
Bxb5 9. exf7+ Kd7 10. Nxb5 Qa5+ 11. Nc3 cxd4 12. Nxd4 Bxd4 13. Qxd4 Nc6 14. Qc4
Rac8 15. Qe2 Qf5 16. h3 Nf6 17. g4 Qe6 18. Qxe6+ Kxe6 19. Be3 Rhf8 20. O-O-O
Rxf7 21. Rhe1 Kd7 22. a3 b6 23. Re2 Ne8 24. Ne4 h6 25. Red2 Na5 26. Rd3 Nc4 27.
Rf1 Nxe3 28. Rxe3 Ng7 29. Ng3 Rcf8 30. Re4 e5 31. Ra4 a5 32. f5 gxf5 33. Nxf5
Nxf5 34. gxf5 Rxf5 35. Rxf5 Rxf5 36. Rh4 h5 37. b4 axb4 38. axb4 b5 39. c4 bxc4
40. Rxc4 Rf4 0-1

[Event "Summer Cup"]
[Site "Wellington Chess Club"]
[Date "2016.02.04"]
[Round "3"]
[White "Jackson, Ross"]
[Black "Farrington, Lawrence"]
[Result "1-0"]
[WhiteElo "2003"]
[BlackElo "1851"]

1. d4 d5 2. Nf3 Nf6 3. e3 e6 4. Bd3 c5 5. c3 Nc6 6. Nbd2 Bd6 7. O-O O-O 8. Qe2
c4 9. Bc2 e5 10. dxe5 Nxe5 11. Nxe5 Bxe5 12. h3 b5 13. Nf3 Bc7 14. Nd4 a6 15.
a4 Bd7 16. axb5 axb5 17. Rxa8 Qxa8 18. b3 Re8 19. Bb2 Qb7 20. Ba3 Ne4 21. Bxe4
Rxe4 22. Bc5 Bb6 23. Bxb6 Qxb6 24. b4 Qg6 25. Kh2 Qd6+ 26. f4 g6 27. Re1 Re8
28. g4 Ra8 29. Qb2 Qa6 30. Kg3 Qa3 31. Qxa3 Rxa3 32. Rc1 Kg7 33. Kf3 h6 34. e4
dxe4+ 35. Kxe4 Ra2 36. Kd5 Rh2 37. Kd6 Be6 38. Nxe6+ fxe6 39. Kc5 Rxh3 40. Kxb5
Rf3 41. Kc6 Rxf4 42. b5 Rf8 43. b6 e5 44. b7 h5 45. gxh5 gxh5 46. Rg1+ Kh6 47.
Kc7 h4 48. b8=Q Rxb8 49. Kxb8 Kh5 50. Re1 h3 51. Rxe5+ Kg4 52. Re4+ Kg3 53. Kc7
h2 54. Re1 Kg2 55. Kd6 h1=Q 56. Rxh1 Kxh1 57. Kd5 Kg2 58. Kxc4 Kf3 59. Kd5 Kf4
60. c4 Kf5 61. Kd6 1-0

[Event "Summer Cup"]
[Site "Wellington Chess Club"]
[Date "2016.02.04"]
[Round "3"]
[White "Konakanchi, Pramodh"]
[Black "Rose, Nathan"]
[Result "0-1"]
[WhiteElo "1161"]
[BlackElo "1407"]

1. e4 c6 2. Nf3 d5 3. Nc3 d4 4. Nb1 Bg4 5. Be2 g6 6. c3 d3 7. Bf1 e5 8. Qb3 Qc7
9. Bxd3 Nd7 10. Bc4 Nc5 11. Qc2 Be7 12. b4 Ne6 13. O-O O-O-O 14. Qa4 Kb8 15. d4
Bxf3 16. gxf3 exd4 17. cxd4 b5 18. Bxb5 cxb5 19. Qxb5+ Ka8 20. e5 Nxd4 21. Kg2
Nxb5 0-1

[Event "Summer Cup"]
[Site "Wellington Chess Club"]
[Date "2016.02.04"]
[Round "3"]
[White "List, Robert"]
[Black "Scarlett, William"]
[Result "1-0"]
[WhiteElo "1661"]
[BlackElo "1336"]

1. f4 e6 2. Nf3 Nf6 3. b3 Nc6 4. Bb2 Bc5 5. e3 d5 6. Bd3 Bd7 7. a3 a5 8. Nc3 d4
9. Na4 b6 10. exd4 Bd6 11. Ne5 Bxe5 12. dxe5 Nd5 13. O-O O-O 14. Qh5 f6 15.
Bxh7+ Kh8 16. Bg6+ Kg8 17. Qh7# 1-0

[Event "Summer Cup"]
[Site "Wellington Chess Club"]
[Date "2016.02.04"]
[Round "3"]
[White "Sole, Christopher"]
[Black "Collings, Alex"]
[Result "1-0"]
[WhiteElo "1152"]
[BlackElo "991"]

1. e4 e5 2. Nf3 Nc6 3. Bc4 Nf6 4. d3 d5 5. exd5 Nxd5 6. Bxd5 Qxd5 7. Nc3 Bb4 8.
Bd2 Bxc3 9. Bxc3 Bg4 10. O-O Nd4 11. Bxd4 exd4 12. Qe1+ Be6 13. Qe4 Qxe4 14.
dxe4 c5 15. Rfe1 O-O 16. Kf1 Bc4+ 17. Kg1 Be6 18. b3 c4 19. Nxd4 cxb3 20. cxb3
f5 21. Nxe6 1-0

[Event "Summer Cup"]
[Site "Wellington Chess Club"]
[Date "2016.02.04"]
[Round "3"]
[White "Stoeveken, Peter"]
[Black "Thomas, Ben"]
[Result "0-1"]
[WhiteElo "1943"]
[BlackElo "2203"]

1. d4 e6 2. Nf3 f5 3. Nc3 Nf6 4. Bg5 Be7 5. e3 O-O 6. Bd3 d5 7. Ne2 Ne4 8. Bxe7
Qxe7 9. c3 Nd7 10. b4 c6 11. a3 e5 12. Bxe4 fxe4 13. Nd2 Qg5 14. Qb3 Qxg2 15.
O-O-O Qxf2 16. Ng3 Nf6 17. Rhf1 Qxe3 18. Rde1 Qg5 19. Rg1 Qh6 20. dxe5 Ng4 21.
Rxe4 Nf2 22. Re2 Bg4 23. Qc2 Bxe2 24. Nxe2 Ne4 25. Kd1 Nf2+ 26. Ke1 Qe3 27. Rg3
Qxe5 28. Nf3 Rxf3 29. Rxf3 Ne4 30. Kf1 Qxh2 31. c4 Rf8 32. Rxf8+ Kxf8 33. cxd5
Qf2# 0-1

[Event "Summer Cup"]
[Site "Wellington Chess Club"]
[Date "2016.02.04"]
[Round "3"]
[White "Wastney, Scott"]
[Black "Nijman, Brian"]
[Result "1-0"]
[WhiteElo "2434"]
[BlackElo "2158"]

1. e4 e6 2. d4 d5 3. Bd3 dxe4 4. Bxe4 Nf6 5. Bf3 Nc6 6. Ne2 Bd6 7. Nd2 e5 8.
Bxc6+ bxc6 9. dxe5 Bxe5 10. O-O Ba6 11. c4 O-O 12. Qc2 c5 13. Nf3 Bd6 14. Bf4
Re8 15. Bxd6 cxd6 16. Rfe1 Qa5 17. Ng3 Bb7 18. Qd2 Qxd2 19. Nxd2 Rxe1+ 20. Rxe1
Re8 21. Rxe8+ Nxe8 22. f3 g6 23. Kf2 f5 24. Ke3 Kf7 25. Ne2 Nf6 26. Nc3 Ke6 27.
Kd3 g5 28. Nb5 a6 29. Nc3 h5 30. a3 h4 31. g3 h3 32. Ne2 a5 33. Ke3 Ke5 34. f4+
gxf4+ 35. gxf4+ Ke6 36. Kf2 Bg2 37. Kg3 d5 38. cxd5+ Kxd5 39. Nc3+ Kc6 40. Nc4
Nh5+ 41. Kh4 Nxf4 42. Kg5 Ne6+ 43. Kxf5 Nd4+ 44. Kg4 Nb3 45. Kg3 Nd4 46. Nxa5+
Kc7 47. Nc4 Nf5+ 48. Kf4 Nd4 49. Ne3 Nf3 50. Kg3 Ne1 51. Ncd1 Kc6 52. Nf2 Kb5
53. b3 Nf3 54. Nxg2 hxg2 55. Kxg2 Nd4 56. h4 Nxb3 57. h5 Nd4 58. h6 Nf5 59. h7
Nh4+ 60. Kg3 Ng6 61. Kg4 c4 62. Ne4 Ka4 63. Kf5 1-0

[Event "Summer Cup"]
[Site "Wellington Chess Club"]
[Date "2016.02.06"]
[Round "3"]
[White "Konakanchi, Karthik"]
[Black "Sole, Michael"]
[Result "0-1"]
[WhiteElo "1332"]
[BlackElo "1655"]

1. e4 e5 2. Nf3 Nc6 3. Bc4 Bc5 4. O-O Nf6 5. Nc3 O-O 6. d3 d6 7. Bg5 h6 8. Bh4
Bg4 9. h3 Bxf3 10. Qxf3 Nd4 11. Qd1 c6 12. Na4 b5 13. c3 bxc4 14. cxd4 Bxd4 15.
dxc4 g5 16. Bg3 Nxe4 17. Qf3 Nxg3 18. Qxg3 Qa5 19. Nc3 Bxc3 20. bxc3 Qc5 21. h4
e4 22. Rad1 Rad8 23. Rfe1 Rfe8 24. Rd4 Re6 25. Rdxe4 Rde8 26. Rxe6 Rxe6 27. Rb1
Qxc4 28. hxg5 Rg6 29. Rb8+ Kh7 30. Qe3 Rxg5 31. Qe8 Qxc3 32. Rb7 Qc1+ 33. Kh2
Rh5+ 34. Kg3 Rg5+ 35. Kh2 Rh5+ 36. Kg3 Qc3+ 37. f3 Qg7+ 38. Kf2 Qd4+ 39. Kg3
Qh4# 0-1

[Event "Summer Cup"]
[Site "Wellington Chess Club"]
[Date "2016.02.11"]
[Round "4"]
[White "Bennett, Ezra"]
[Black "Brockway, Andrew"]
[Result "0-1"]
[WhiteElo "1352"]
[BlackElo "1772"]

1.Nf3 c5 2.g3 Nc6 3.Bg2 g6 4.O-O Bg7 5.d3 d5 6.Nbd2 Nf6 7.Re1 O-O 8.e4 dxe4
9.Nxe4 Nxe4 10.Rxe4 Bf5 11.Re1 Qd7 12.Rb1 Rad8 13.a3 c4 14.Nh4 Be6 15.Bf1
cxd3 16.Bg2 d2 17.b4 dxe1=Q+ 18.Qxe1 Qd1 19.Bf4 Qxe1+ 20.Rxe1 Rd7 21.Rb1 Rfd8
22.Bf3 Nd4 23.Bd1 Nb5 24.Be2 Nc3 25.Re1 Nxe2+ 26.Rxe2 Bh3 27.Ng2 Rd1+ 28.Ne1
Bc3 29.Rxe7 Rxe1+ 30.Rxe1 Bxe1 31.f3 Rd1 32.b5 Bxg3# 0-1

[Event "Summer Cup"]
[Site "Wellington Chess Club"]
[Date "2016.02.11"]
[Round "4"]
[White "Croad, Nicolas"]
[Black "Timergazi, Layla"]
[Result "0-1"]
[WhiteElo "2406"]
[BlackElo "2149"]

1. d4 Nf6 2. c4 g6 3. Nc3 Bg7 4. e4 d6 5. h3 O-O 6. Nf3 e5 7. d5 a5 8. Bg5 Na6
9. Be2 Nc5 10. Nd2 h6 11. Be3 b6 12. a3 Ne8 13. b4 axb4 14. axb4 Rxa1 15. Qxa1
Na6 16. Qa3 f5 17. f3 Nf6 18. g4 Bb7 19. h4 fxg4 20. fxg4 Qd7 21. Rg1 Ra8 22.
Qb3 Rf8 23. c5 Qe7 24. cxb6 cxb6 25. g5 hxg5 26. Bxg5 Qd7 27. Nd1 Nc7 28. Nf2
Nb5 29. Qa4 Nd4 30. Qxd7 Nxd7 31. Bd1 Ra8 32. Nb3 Ra3 33. Nxd4 exd4 34. h5 Ne5
35. hxg6 Ba6 36. Bf4 Nc4 37. Rg3 Ra1 38. Ng4 Nb2 39. Nf2 d3 40. Kd2 Bd4 41. Bg4
Bxf2 42. Bh6 Nc4+ 43. Kc3 Ra3# 0-1

[Event "Summer Cup"]
[Site "Wellington Chess Club"]
[Date "2016.02.11"]
[Round "4"]
[White "Cunningham, Patrick"]
[Black "Pomeroy, Arthur"]
[Result "0-1"]
[WhiteElo "1666"]
[BlackElo "2133"]

1. d4 Nf6 2. Nf3 g6 3. g3 Bg7 4. Bg2 O-O 5. c4 d6 6. Nc3 c6 7. O-O Qa5 8. Bd2
Qh5 9. e4 Bg4 10. e5 dxe5 11. dxe5 Nfd7 12. h3 Bxf3 13. Qxf3 Qxf3 14. Bxf3 Nxe5
15. Be2 Ned7 16. Rab1 Nf6 17. Rfe1 Nbd7 18. Bf3 e6 19. b4 Nb6 20. Be2 Rfd8 21.
Rbd1 Rd7 22. a4 Rad8 23. a5 Rxd2 24. axb6 Rxd1 25. Bxd1 axb6 26. Na4 b5 27.
cxb5 cxb5 28. Nc3 Nd5 29. Nxb5 Nxb4 30. Bf3 Rd2 31. Rd1 Rxd1+ 32. Bxd1 Kf8 33.
Bf3 b6 34. Nd6 Bd4 35. Be2 Ke7 36. Nb5 Bc5 37. Kg2 e5 38. Kf3 f5 39. Bc4 Kf6
40. Ke2 e4 41. Nc3 Nc6 42. Nd5+ Ke5 43. Ne3 Bxe3 44. fxe3 Ne7 45. Bf7 b5 46.
Kd2 Kd6 47. Kc3 Nd5+ 48. Kd4 Ne7 49. h4 Nc6+ 50. Kc3 Ne5 51. Bg8 h6 52. Kb4 Ng4
53. Kxb5 Nxe3 54. Bh7 Nf1 55. Bxg6 Nxg3 56. Kc4 Ke5 57. Kc3 Nf1 58. Kc2 Kf4 59.
Kd1 Ng3 60. Ke1 e3 61. h5 Kg4 62. Be8 f4 63. Bd7+ Kxh5 64. Bc6 Kg5 65. Bf3 (65.
Be8 h5) 65... h5 66. Bg2 h4 67. Bf1 f3 68. Bh3 Kf4 0-1

[Event "Summer Cup"]
[Site "Wellington Chess Club"]
[Date "2016.02.11"]
[Round "4"]
[White "Farrington, Lawrence"]
[Black "Kulkarni, Yogesh"]
[Result "1/2-1/2"]
[WhiteElo "1851"]
[BlackElo "1430"]

1. e4 c6 2. d4 d5 3. exd5 cxd5 4. c4 dxc4 5. Bxc4 Nf6 6. Nc3 h6 7. Nf3 Bg4 8.
Be3 Nc6 9. a3 e6 10. O-O Be7 11. d5 exd5 12. Nxd5 O-O 13. Nxe7+ Qxe7 14. Ba2
Rfd8 15. Qe2 Ne5 16. Rfe1 Nxf3+ 17. gxf3 Bh3 18. Bf4 Qc5 19. Rac1 Qh5 20. Bg3
Re8 21. Qd3 Rad8 22. Rxe8+ Rxe8 23. Bb3 Qa5 24. Qc3 Qf5 25. Ba2 Nd5 26. Qb3 Nb6
27. Bb1 Qa5 28. Qc3 Qxc3 29. bxc3 Na4 30. c4 Nc3 31. Bd3 Ne2+ 32. Bxe2 Rxe2 33.
Bd6 Re6 34. Rd1 Rg6+ 35. Bg3 Ra6 36. Bd6 Rb6 37. f4 Rb3 38. Rc1 Rd3 39. Bc5 b6
40. Bb4 a5 41. Be7 Rd4 42. c5 bxc5 43. Bxc5 Rxf4 44. Bd6 Rg4+ 45. Kh1 f5 46. f4
a4 47. Rc3 Bg2+ 48. Kg1 Be4+ 49. Rg3 Rxg3+ 50. hxg3 Kf7 51. Kf2 Kg6 52. Bf8 Kf6
53. Bd6 g5 54. fxg5+ Kxg5 55. Bf4+ Kg6 56. Ke3 h5 57. Bd6 Kg5 58. Kf2 Kg4 59.
Bc7 h4 60. gxh4 f4 61. h5 f3 62. h6 Kg5 63. h7 Bxh7 64. Kxf3 1/2-1/2

[Event "Summer Cup"]
[Site "Wellington Chess Club"]
[Date "2016.02.11"]
[Round "4"]
[White "Hill, Ryan"]
[Black "Konakanchi, Pramodh"]
[Result "1-0"]
[WhiteElo "1663"]
[BlackElo "1161"]

1. e4 e5 2. Nf3 Nc6 3. Bc4 h6 4. Nc3 Nf6 5. O-O Bc5 6. d3 O-O 7. Be3 Qe7 8. Qd2
Nd4 9. Bxd4 exd4 10. Nb5 d6 11. Nbxd4 Bxd4 12. Nxd4 Qe5 13. c3 Ng4 14. Nf3 Qh5
15. h3 Nf6 16. Rfe1 Bxh3 17. e5 Qg4 18. Nh4 Qxh4 19. exf6 Qg4 20. f3 g6 21.
fxg4 Bxg4 22. Qxh6 1-0

[Event "Summer Cup"]
[Site "Wellington Chess Club"]
[Date "2016.02.11"]
[Round "4"]
[White "Nijman, Brian"]
[Black "List, Robert"]
[Result "1-0"]
[WhiteElo "2158"]
[BlackElo "1661"]

1. d4 Nf6 2. Bg5 c6 3. Nc3 d6 4. Bxf6 gxf6 5. e3 Bf5 6. Nge2 Qc7 7. Nf4 Nd7 8.
h4 Nb6 9. g4 Bd7 10. g5 fxg5 11. hxg5 O-O-O 12. a4 Kb8 13. a5 Nc8 14. a6 b5 15.
Qf3 d5 16. Nd3 Be8 17. Nc5 e5 18. O-O-O Bxc5 19. dxc5 b4 20. Na4 e4 21. Qf6 Ne7
22. Qxh8 1-0

[Event "Summer Cup"]
[Site "Wellington Chess Club"]
[Date "2016.02.11"]
[Round "4"]
[White "Rose, Nathan"]
[Black "Greenlee, Isaiah"]
[Result "1-0"]
[WhiteElo "1407"]
[BlackElo "1000"]

1. e4 e5 2. f4 Bc5 3. Nf3 Nc6 4. Bc4 Rb8 5. Nc3 Nf6 6. fxe5 Ng4 7. d4 b5 8.
Bxf7+ Kxf7 9. Ng5+ Ke8 10. dxc5 d6 11. e6 Bxe6 12. Nxe6 Qh4+ 13. g3 Qe7 14.
Qxg4 Qd7 15. Bg5 h5 16. Qh3 Nd4 17. Nxc7+ Qxc7 18. O-O-O b4 19. Rxd4 bxc3 20.
Qe6+ Kf8 21. Rf1+ Qf7 22. Qxf7# 1-0

[Event "Summer Cup"]
[Site "Wellington Chess Club"]
[Date "2016.02.11"]
[Round "4"]
[White "Rossiter, Philip"]
[Black "Dive, Russell"]
[Result "0-1"]
[WhiteElo "1886"]
[BlackElo "2441"]

1. c4 e5 2. g3 Nc6 3. Bg2 g6 4. Nc3 Bg7 5. Nf3 f5 6. d3 Nf6 7. a3 a5 8. Rb1 O-O
9. O-O h6 10. b4 axb4 11. axb4 d6 12. b5 Ne7 13. Nd2 g5 14. Qb3 Kh8 15. Nd5
Nexd5 16. cxd5 b6 17. Bb2 Nd7 18. Ra1 Nc5 19. Qb4 Bd7 20. d4 exd4 21. Bxd4 Qe7
22. Qb2 Bxd4 23. Qxd4+ Qg7 24. Nf3 Nb3 25. Qxg7+ Kxg7 26. Rxa8 Rxa8 27. Rb1 Ra3
28. Ne1 Nd4 29. e4 Nxb5 30. Nc2 Rc3 31. Ne3 f4 32. Nd1 Rc2 33. Bf1 Nd4 34. Bd3
Rd2 35. Nb2 Bh3 {White resigned} 0-1